00463nam a22001457a 4500003000400000008004100004082001900045100002400064245011500088260006100203300000900264502001500273650002000288650000900308OSt260417b |||||||| |||| 00| 0 eng d a581.2326bS48S aSingh, Shyam Bihari aStudies on Biochemical basis of Resistance/Susceptibility to Anthracnose Disease of Betelvine (Piper betle L.) aPusa, SamastipurbRAU, Samastipur, Plant Pathologyc2001 a50P. bMsc.d2001 aPlant Pathology aMsc.